Disney Charaktere erraten mit Bildern - Master Edition - Statistiken

Allgemein
  • Dieses Quiz wurde 43 mal gespielt
  • Das Durchschnittsergebnis liegt bei 4 aus 20
Antwortstatistiken
Bildquiz Antwort % Korrekt
Ashley Quinlan
42%
Bill Cipher
39%
Ellie Fredricksen
36%
Ray
36%
Seppl
36%
Phil
33%
Kida
27%
Tino Tonitini
27%
Horace Badun
21%
Hopper
18%
Al Katzone
15%
Jaq
15%
Malina
15%
Eisenbeiß
9%
Maggie
9%
Liquidator
6%
Coach Roberts
3%
Dahlia
3%
Dieter Lederhosen
3%
Gabriella
3%
Keine übereinstimmenden Quizze gefunden
Verteilung der Resultate
Anzahl Personen mit jedem Resultat
Perzentil nach korrekt beantworteten Fragen
Ihre Resultats-Entwicklung
Sie haben dieses Quiz noch nicht gespielt